000 01000nam a2200337Ia 4500
001 Para_1526
003 CHAP
008 220125s1992 xx 000 0 und d
010 _a198891
040 _cCHAP
082 _aPA 634 K8
100 _aKumar, J.
_9164192
245 _aPlant diseases of international importance /
_c by I. Kumar; [et. al.]
260 _aEnglewood Cliffs :
_b Prentice Hall
300 _av.
500 _aLa biblioteca tiene: v.3. Deseases of fruit crops
650 _aCitricos
_x enfermedades
_924423
650 _aMango
_x enfermedades
_970410
650 _aManzana
_x enfermedades
_970763
650 _aPapaya
_x enfermedades
_985333
650 _aPera
_x enfermedades
650 _aPlátano
_x enfermedades
_989231
650 _aUva
_x enfermedades
_9117126
901 _aPA 634 K8
902 _aA
905 _a0000001992 0000000000 00
910 _a1992
942 _cPARA
942 _cPARA
_d1
999 _c198891
_d198891